[Event "RC-2017-0-00206"]
[Site "LSS email"]
[Date "2017.03.13"]
[Round "?"]
[White "Trusewicz, Aleksandra"]
[Black "Gumentchuk, Leksandr"]
[Result "1/2-1/2"]
[WhiteElo "1914"]
[BlackElo "1534"]
[PlyCount "82"]
[EventDate "2016.12.25"]
[EventType "tourn (corr)"]
[EventRounds "6"]
[EventCountry "GER"]
[SourceTitle "Corr 2022"]
[Source "ChessBase"]
[SourceDate "2021.10.24"]
[SourceVersion "1"]
[SourceVersionDate "2021.10.24"]
[SourceQuality "1"]

1. e4 e5 2. Nf3 Nc6 3. Bc4 Nf6 4. Ng5 d5 5. exd5 Na5 6. Bb5+ c6 7. dxc6 bxc6 8. Be2 h6 9. Nf3 e4 10. Ne5 Bc5 11. c3 0-0 12. 0-0 Bd6 13. f4 exf3 14. Nxf3 c5 15. Na3 Bb7 16. d4 Re8 17. Nb5 Bf8 18. dxc5 Bxc5+ 19. Kh1 a6 20. Nbd4 Qd5 21. Bd3 Nc6 22. Qb3 Qd7 23. Bf4 Nh5 24. Bf5 Nxd4 25. Nxd4 Qe7 26. Bd2 Bd6 27. Bg4 Nf6 28. Rae1 Qc7 29. Bf3 Rxe1 30. Bxe1 Rb8 31. Qc2 Bxh2 32. Bxb7 Rxb7 33. Bh4 Nh5 34. Nf5 Ng3+ 35. Bxg3 Bxg3 36. b3 Rb6 37. Nxg3 Qxg3 38. c4 Re6 39. Kg1 Qe5 40. c5 Rc6 41. b4 Qd4+ 1/2-1/2

[Event "OP-2017-0-04253"]
[Site "LSS email"]
[Date "2017.01.08"]
[Round "?"]
[White "Schroeder, Christoph"]
[Black "Trusewicz, Aleksandra"]
[Result "1/2-1/2"]
[WhiteElo "2293"]
[BlackElo "1914"]
[PlyCount "43"]
[EventDate "2017.01.04"]
[EventType "tourn (corr)"]
[EventRounds "4"]
[EventCountry "GER"]
[SourceTitle "Corr 2022"]
[Source "ChessBase"]
[SourceDate "2021.10.24"]
[SourceVersion "1"]
[SourceVersionDate "2021.10.24"]
[SourceQuality "1"]

1. e4 e5 2. Nf3 Nc6 3. d4 exd4 4. Nxd4 Bc5 5. Nb3 Bb6 6. Nc3 Nf6 7. Qe2 0-0 8. Bg5 h6 9. Bh4 a5 10. 0-0-0 a4 11. Nd2 Bd4 12. Nb5 a3 13. bxa3 Re8 14. Nxd4 Nxd4 15. Qd3 c5 16. c3 Rxa3 17. Bxf6 Qxf6 18. Nb1 Rxa2 19. cxd4 Qxf2 20. Rd2 Qe1+ 21. Rd1 Qf2 22. Rd2 1/2-1/2

[Event "RC-2016-0-00197"]
[Site "LSS email"]
[Date "2016.10.10"]
[Round "?"]
[White "Trusewicz, Aleksandra"]
[Black "Linart, Ludvik"]
[Result "1/2-1/2"]
[WhiteElo "1897"]
[BlackElo "1708"]
[PlyCount "44"]
[EventDate "2016.08.19"]
[EventType "tourn (corr)"]
[EventRounds "6"]
[EventCountry "GER"]
[SourceTitle "Corr 2022"]
[Source "ChessBase"]
[SourceDate "2021.10.24"]
[SourceVersion "1"]
[SourceVersionDate "2021.10.24"]
[SourceQuality "1"]

1. e4 e5 2. Nf3 Nc6 3. Bb5 Nf6 4. 0-0 Nxe4 5. d4 Be7 6. d5 Nd6 7. Nc3 Nxb5 8. Nxb5 a6 9. Nc3 Nb8 10. Nxe5 d6 11. Nd3 Bf5 12. Qf3 Bg6 13. Bd2 Nd7 14. Rae1 0-0 15. Re2 Bf6 16. Ne4 Bd4 17. c3 Ba7 18. c4 b5 19. cxb5 axb5 20. Bc3 Bb6 21. a3 Re8 22. Nf4 Rxe4 1/2-1/2

[Event "RC-2016-0-00197"]
[Site "LSS email"]
[Date "2016.10.08"]
[Round "?"]
[White "Trusewicz, Aleksandra"]
[Black "Laczay, Istvan"]
[Result "1/2-1/2"]
[WhiteElo "1897"]
[BlackElo "1707"]
[PlyCount "66"]
[EventDate "2016.08.19"]
[EventType "tourn (corr)"]
[EventRounds "6"]
[EventCountry "GER"]
[SourceTitle "Corr 2022"]
[Source "ChessBase"]
[SourceDate "2021.10.24"]
[SourceVersion "1"]
[SourceVersionDate "2021.10.24"]
[SourceQuality "1"]

1. d4 Nf6 2. c4 g6 3. Nc3 d5 4. cxd5 Nxd5 5. e4 Nxc3 6. bxc3 c5 7. Bc4 Bg7 8. Ne2 0-0 9. Be3 Nc6 10. 0-0 Na5 11. Bd3 b6 12. Qd2 Bb7 13. Rac1 e6 14. f3 cxd4 15. cxd4 Qd7 16. h4 h5 17. g3 Nc6 18. Qb2 Rfd8 19. Bb5 Rac8 20. Rfd1 a6 21. Bxc6 Bxc6 22. Qxb6 Ba4 23. Rd2 Bb5 24. Kf2 Re8 25. Rdd1 Rxc1 26. Rxc1 e5 27. dxe5 Bxe5 28. Nf4 Rc8 29. Rxc8+ Qxc8 30. Qc5 Qxc5 31. Bxc5 Bxf4 32. gxf4 Bc4 33. a3 f5 1/2-1/2

[Event "RC-2016-0-00188"]
[Site "LSS email"]
[Date "2016.05.21"]
[Round "?"]
[White "Moreira, Carlos"]
[Black "Trusewicz, Aleksandra"]
[Result "0-1"]
[WhiteElo "1724"]
[BlackElo "1883"]
[PlyCount "52"]
[EventDate "2016.03.02"]
[EventType "tourn (corr)"]
[EventRounds "6"]
[EventCountry "GER"]
[SourceTitle "Corr 2022"]
[Source "ChessBase"]
[SourceDate "2021.10.24"]
[SourceVersion "1"]
[SourceVersionDate "2021.10.24"]
[SourceQuality "1"]

1. Nf3 Nf6 2. c4 g6 3. Nc3 d5 4. cxd5 Nxd5 5. Qa4+ Bd7 6. Qh4 Nxc3 7. dxc3 Nc6 8. e4 e5 9. Bg5 Be7 10. Bc4 h6 11. Bxe7 Qxe7 12. Qg3 0-0-0 13. 0-0 g5 14. Bd5 f6 15. Rfd1 Kb8 16. a4 Qh7 17. Nd2 Ne7 18. Bc4 h5 19. Qf3 Bg4 20. Qxf6 Bxd1 21. Rxd1 Ng6 22. Qxg5 Nf4 23. h4 Rd6 24. Qxe5 Rf8 25. f3 Rg6 26. Kh1 Rxg2 0-1

[Event "RC-2016-0-00188"]
[Site "LSS email"]
[Date "2016.05.20"]
[Round "?"]
[White "Chura, Michal"]
[Black "Trusewicz, Aleksandra"]
[Result "0-1"]
[WhiteElo "1897"]
[BlackElo "1883"]
[PlyCount "42"]
[EventDate "2016.03.02"]
[EventType "tourn (corr)"]
[EventRounds "6"]
[EventCountry "GER"]
[SourceTitle "Corr 2022"]
[Source "ChessBase"]
[SourceDate "2021.10.24"]
[SourceVersion "1"]
[SourceVersionDate "2021.10.24"]
[SourceQuality "1"]

1. f4 d5 2. Nf3 g6 3. e3 Bg7 4. Be2 Nf6 5. 0-0 0-0 6. Ne5 c5 7. b3 Nfd7 8. Bb2 Nxe5 9. fxe5 d4 10. exd4 cxd4 11. Bc4 Nc6 12. e6 Bxe6 13. Bxe6 fxe6 14. d3 Rxf1+ 15. Qxf1 Bh6 16. Na3 Be3+ 17. Kh1 Qd5 18. Qe2 Rf8 19. Nc4 Rf2 20. Nxe3 dxe3 21. Qxe3 Qxg2# 0-1

[Event "RC-2016-0-00188"]
[Site "LSS email"]
[Date "2016.05.20"]
[Round "?"]
[White "Trusewicz, Aleksandra"]
[Black "Linart, Ludvik"]
[Result "1-0"]
[WhiteElo "1883"]
[BlackElo "1581"]
[PlyCount "95"]
[EventDate "2016.03.02"]
[EventType "tourn (corr)"]
[EventRounds "6"]
[EventCountry "GER"]
[SourceTitle "Corr 2022"]
[Source "ChessBase"]
[SourceDate "2021.10.24"]
[SourceVersion "1"]
[SourceVersionDate "2021.10.24"]
[SourceQuality "1"]

1. e4 e5 2. Nf3 Nc6 3. Bb5 a6 4. Ba4 Nf6 5. 0-0 b5 6. Bb3 Be7 7. Re1 0-0 8. c3 d5 9. exd5 Nxd5 10. Nxe5 Nxe5 11. Rxe5 Bb7 12. d4 Bf6 13. Re1 Re8 14. Nd2 b4 15. c4 Nf4 16. d5 Rxe1+ 17. Qxe1 Nd3 18. Qe3 Nxc1 19. Rxc1 Bxb2 20. Rb1 Bf6 21. Ne4 a5 22. Rd1 Be7 23. c5 a4 24. Bc4 Ba6 25. Bxa6 Rxa6 26. d6 cxd6 27. cxd6 Bf8 28. d7 Re6 29. Qd3 h6 30. Rc1 Rxe4 31. Qxe4 Qxd7 32. g3 g6 33. Qc6 Qd2 34. Qc2 Qg5 35. h4 Qa5 36. Qd2 Qe5 37. Rc8 Kg7 38. Qd8 Qd6 39. Qxd6 Bxd6 40. Rc6 Be5 41. Rb6 Bc3 42. Kg2 h5 43. Kf1 Kf8 44. Ke2 Kg7 45. Rc6 a3 46. Rxc3 bxc3 47. Kd3 Kf6 48. Kxc3 1-0

[Event "RC-2016-0-00188"]
[Site "LSS email"]
[Date "2016.05.20"]
[Round "?"]
[White "Trusewicz, Aleksandra"]
[Black "Richter, Klaus"]
[Result "1/2-1/2"]
[WhiteElo "1883"]
[BlackElo "1697"]
[PlyCount "58"]
[EventDate "2016.03.02"]
[EventType "tourn (corr)"]
[EventRounds "6"]
[EventCountry "GER"]
[SourceTitle "Corr 2022"]
[Source "ChessBase"]
[SourceDate "2021.10.24"]
[SourceVersion "1"]
[SourceVersionDate "2021.10.24"]
[SourceQuality "1"]

1. d4 Nf6 2. c4 c5 3. d5 g6 4. Nc3 Bg7 5. e4 0-0 6. Be2 d6 7. h4 e6 8. h5 exd5 9. exd5 Re8 10. hxg6 hxg6 11. Kf1 Ne4 12. Nxe4 Rxe4 13. Nf3 Bg4 14. Qc2 Re8 15. Bd2 Nd7 16. Re1 a6 17. a4 Nf6 18. Qc1 Qd7 19. a5 Re7 20. Bh6 Bh5 21. Bd3 Rae8 22. Rxe7 Qxe7 23. Bxg7 Kxg7 24. Rh3 Kg8 25. Qh6 Qd8 26. Rxh5 Nxh5 27. Bxg6 fxg6 28. Qxg6+ Ng7 29. Ng5 Qxa5 1/2-1/2

[Event "RC-2016-0-00181"]
[Site "LSS email"]
[Date "2016.01.20"]
[Round "?"]
[White "Brayman, Neal Zvi"]
[Black "Trusewicz, Aleksandra"]
[Result "1/2-1/2"]
[WhiteElo "1872"]
[BlackElo "1883"]
[PlyCount "49"]
[EventDate "2015.09.03"]
[EventType "tourn (corr)"]
[EventRounds "6"]
[EventCountry "GER"]
[SourceTitle "Corr 2022"]
[Source "ChessBase"]
[SourceDate "2021.10.24"]
[SourceVersion "1"]
[SourceVersionDate "2021.10.24"]
[SourceQuality "1"]

1. e4 e5 2. Nf3 Nc6 3. Bb5 a6 4. Ba4 Nf6 5. 0-0 Be7 6. Re1 b5 7. Bb3 0-0 8. h3 d6 9. c3 Nb8 10. d4 Nbd7 11. Nbd2 Bb7 12. Bc2 Re8 13. Nf1 Bf8 14. Ng3 g6 15. a4 c5 16. d5 c4 17. Bg5 h6 18. Be3 Nc5 19. Qd2 h5 20. Bg5 Be7 21. Ra3 Nfd7 22. Be3 Bf6 23. Rea1 Bg7 24. Qe2 Qc7 25. Ng5 1/2-1/2

[Event "SC-2015-0-00272"]
[Site "LSS email"]
[Date "2015.09.11"]
[Round "?"]
[White "Zimmermann, Matthias"]
[Black "Trusewicz, Aleksandra"]
[Result "1/2-1/2"]
[WhiteElo "1879"]
[BlackElo "1894"]
[PlyCount "173"]
[EventDate "2015.08.16"]
[EventType "tourn (corr)"]
[EventRounds "6"]
[EventCountry "GER"]
[SourceTitle "Corr 2022"]
[Source "ChessBase"]
[SourceDate "2021.10.24"]
[SourceVersion "1"]
[SourceVersionDate "2021.10.24"]
[SourceQuality "1"]

1. e4 c5 2. Nf3 g6 3. d4 Bg7 4. dxc5 Qa5+ 5. c3 Qxc5 6. Be3 Qc7 7. Bd4 Nf6 8. e5 Ng4 9. Na3 Nc6 10. Nb5 Qb8 11. e6 f6 12. h3 Nh6 13. exd7+ Bxd7 14. Bc5 Qc8 15. Be2 0-0 16. 0-0 Rd8 17. Qb3+ Be6 18. Qa3 Bf7 19. Rfd1 Rxd1+ 20. Rxd1 Nf5 21. Nfd4 a6 22. Nxc6 Qxc6 23. Nd4 Nxd4 24. Rxd4 f5 25. Bf3 Qb5 26. Rd2 e5 27. Bd1 Rc8 28. b4 Qc6 29. Bb3 Bf8 30. Bxf7+ Kxf7 31. Qb3+ Kg7 32. Rd5 Bxc5 33. bxc5 Re8 34. Rd6 Qc7 35. a4 f4 36. Qd5 Qf7 37. Rd7 Re7 38. Rxe7 Qxe7 39. a5 Kf6 40. c4 Kf5 41. h4 Qc7 42. f3 Qe7 43. Qd6 Qxh4 44. Qd7+ Kg5 45. Qe7+ Kh5 46. Qxh7+ Kg5 47. Qe7+ Kh5 48. Qxe5+ Kh6 49. Qh8+ Kg5 50. Qd8+ Kh5 51. Qd5+ Kh6 52. Qe5 Kh7 53. Qe4 Kh6 54. Qe5 Kh7 55. Kf1 Qh1+ 56. Kf2 Qc1 57. Qe4 Kh6 58. Ke2 Kg5 59. Qe5+ Kh4 60. Kf2 Qc2+ 61. Kg1 Qf5 62. Qe7+ Kh5 63. Kh2 Kh6 64. g3 Qc2+ 65. Kh3 fxg3 66. Qh4+ Kg7 67. Qd4+ Kf7 68. Qd5+ Kf6 69. Kxg3 Qe2 70. Qd4+ Ke6 71. Qd5+ Kf6 72. Qd6+ Kf7 73. Qd7+ Kf6 74. Qd8+ Kf7 75. Qc8 Qe5+ 76. Kg4 Qh5+ 77. Kf4 Qh2+ 78. Ke3 Qg1+ 79. Ke4 Qe1+ 80. Kd5 Qd1+ 81. Ke5 Qxf3 82. Kd6 Qf4+ 83. Kd7 Qd4+ 84. Kc7 Qxc5+ 85. Kb8 Qxc8+ 86. Kxc8 g5 87. Kxb7 1/2-1/2

[Event "RC-2015-0-00168"]
[Site "LSS email"]
[Date "2015.02.11"]
[Round "?"]
[White "Trusewicz, Aleksandra"]
[Black "Cvak, Rudolf"]
[Result "1/2-1/2"]
[WhiteElo "1869"]
[BlackElo "1805"]
[PlyCount "26"]
[EventDate "2014.12.18"]
[EventType "tourn (corr)"]
[EventRounds "6"]
[EventCountry "GER"]
[SourceTitle "Corr 2022"]
[Source "ChessBase"]
[SourceDate "2021.10.24"]
[SourceVersion "1"]
[SourceVersionDate "2021.10.24"]
[SourceQuality "1"]

1. d4 e6 2. c4 Nf6 3. Nc3 Bb4 4. f3 d5 5. a3 Be7 6. e4 dxe4 7. fxe4 e5 8. d5 a5 9. Nf3 0-0 10. Bd3 Bg4 11. 0-0 Nbd7 12. h3 Bc5+ 13. Kh2 Bh5 1/2-1/2

[Event "RC-2015-0-00168"]
[Site "LSS email"]
[Date "2015.02.11"]
[Round "?"]
[White "Trusewicz, Aleksandra"]
[Black "Korinek, Jaroslav"]
[Result "1/2-1/2"]
[WhiteElo "1869"]
[BlackElo "1748"]
[PlyCount "100"]
[EventDate "2014.12.18"]
[EventType "tourn (corr)"]
[EventRounds "6"]
[EventCountry "GER"]
[SourceTitle "Corr 2022"]
[Source "ChessBase"]
[SourceDate "2021.10.24"]
[SourceVersion "1"]
[SourceVersionDate "2021.10.24"]
[SourceQuality "1"]

1. d4 Nf6 2. c4 c6 3. Nc3 d5 4. Nf3 dxc4 5. a4 Bf5 6. Ne5 Qc7 7. Nxc4 Nbd7 8. g3 Rd8 9. Bf4 e5 10. dxe5 Nxe5 11. Qc1 Bd6 12. Nxd6+ Qxd6 13. Bg2 0-0 14. a5 a6 15. 0-0 Rfe8 16. Rd1 Qe7 17. Ra4 h6 18. h3 Ng6 19. Be3 Nf8 20. Rxd8 Rxd8 21. Bb6 Re8 22. e4 Bg6 23. Qd1 Ne6 24. f4 Nc5 25. Bxc5 Qxc5+ 26. Qd4 Qe7 27. Qb6 Rd8 28. e5 Ne8 29. Qb4 Qc7 30. Ra1 f6 31. Re1 Rd7 32. Na4 fxe5 33. fxe5 Re7 34. Qc3 Bf7 35. Nc5 Bd5 36. b4 Qc8 37. Qd4 Nc7 38. Bxd5+ Nxd5 39. e6 Qe8 40. Qg4 Qd8 41. h4 Qe8 42. Kg2 Nf6 43. Qe2 Qg6 44. Qf2 Kh7 45. Qd2 Kh8 46. Qd8+ Re8 47. Qd1 Re7 48. Re5 Kg8 49. h5 Qe8 50. Rf5 Nd5 1/2-1/2

[Event "SD-2014-0-00208"]
[Site "LSS email"]
[Date "2014.12.15"]
[Round "?"]
[White "Glowinski, Daniel"]
[Black "Trusewicz, Aleksandra"]
[Result "0-1"]
[WhiteElo "1423"]
[BlackElo "1871"]
[PlyCount "114"]
[EventDate "2014.10.19"]
[EventType "tourn (corr)"]
[EventRounds "6"]
[EventCountry "GER"]
[SourceTitle "Corr 2022"]
[Source "ChessBase"]
[SourceDate "2021.10.24"]
[SourceVersion "1"]
[SourceVersionDate "2021.10.24"]
[SourceQuality "1"]

1. e4 c5 2. Nf3 e6 3. d4 cxd4 4. Nxd4 a6 5. Nc3 Qc7 6. Bd3 Nf6 7. f4 d6 8. Be3 b5 9. 0-0 Be7 10. Nb3 Nbd7 11. Qf3 Bb7 12. Bd4 b4 13. Ne2 a5 14. c3 e5 15. Be3 0-0 16. Rac1 Qd8 17. Bb1 a4 18. Nd2 d5 19. exd5 Nxd5 20. fxe5 bxc3 21. bxc3 Nxe5 22. Qh3 g6 23. Bd4 Bg5 24. Bxe5 Bxd2 25. Bd3 Bxc1 26. Rxc1 Qg5 27. Bd4 Rae8 28. Rb1 Bc8 29. Qf3 Bg4 30. Qg3 Qd2 31. Bc4 Ne3 32. Bxe3 Qxe3+ 33. Qxe3 Rxe3 34. Nd4 Rxc3 35. Rb4 Rc8 36. Bb5 a3 37. Ra4 Rb8 38. Kf2 Be6 39. Ke1 Bxa2 40. Kd2 Rbc8 41. Bd3 Bd5 42. Nb5 Rb3 43. Rxa3 Rb2+ 44. Ke3 Rxg2 45. Kd4 Be6 46. h4 Rg4+ 47. Ke3 Rxh4 48. Nd6 Rd8 49. Ra6 Rh3+ 50. Kd4 Kf8 51. Bf1 Rh5 52. Ke3 Re5+ 53. Kf4 Rd5 54. Nb7 Rc8 55. Nd6 Rc3 56. Ke4 g5 57. Be2 Ke7 0-1

[Event "ZI-2014-0-01912"]
[Site "LSS email"]
[Date "2014.12.11"]
[Round "?"]
[White "Reede, Arvo"]
[Black "Trusewicz, Aleksandra"]
[Result "1-0"]
[WhiteElo "1725"]
[BlackElo "1637"]
[PlyCount "109"]
[EventDate "2014.12.05"]
[EventType "match (corr)"]
[EventRounds "2"]
[EventCountry "GER"]
[SourceTitle "Corr 2015"]
[Source "ChessBase"]
[SourceDate "2015.07.17"]
[SourceVersion "1"]
[SourceVersionDate "2015.07.17"]
[SourceQuality "1"]

1. d4 f5 2. c4 Nf6 3. Nc3 g6 4. Nf3 d6 5. e3 Bg7 6. Be2 0-0 7. 0-0 c6 8. Qb3 e6 9. Qa3 Qe7 10. Bd3 c5 11. dxc5 dxc5 12. e4 Nc6 13. Re1 Rd8 14. Bc2 Qf8 15. exf5 exf5 16. Bf4 Nb4 17. Qb3 Bd7 18. a3 Nxc2 19. Qxc2 Bc6 20. Ng5 Re8 21. Ne6 Qf7 22. Nxg7 Qxg7 23. f3 Qf7 24. Rxe8+ Rxe8 25. Qd3 Qd7 26. Qxd7 Nxd7 27. Rd1 Kf7 28. Kf2 Nf8 29. Be3 b6 30. b4 Ne6 31. h4 f4 32. Bc1 Ke7 33. b5 Bb7 34. Ne2 Rf8 35. Bb2 Rf5 36. a4 Bc8 37. a5 bxa5 38. Ra1 a6 39. Rxa5 axb5 40. cxb5 Rd5 41. Ra8 Kd8 42. Ra7 Bd7 43. Bf6+ Kc8 44. Nc3 Rd2+ 45. Kg1 Nc7 46. b6 Nd5 47. Ne4 Rd1+ 48. Kf2 Nxb6 49. Be5 Nc4 50. Bxf4 Rd5 51. Nf6 Rd4 52. g3 h5 53. Rc7+ Kd8 54. Rxc5 Nb2 55. Bg5 1-0

[Event "ZI-2014-0-01859"]
[Site "LSS email"]
[Date "2014.08.27"]
[Round "?"]
[White "Trusewicz, Aleksandra"]
[Black "Goreczny, Grzegorz"]
[Result "1/2-1/2"]
[WhiteElo "1604"]
[BlackElo "1714"]
[PlyCount "67"]
[EventDate "2014.08.21"]
[EventType "match (corr)"]
[EventRounds "2"]
[EventCountry "GER"]
[SourceTitle "Corr 2015"]
[Source "ChessBase"]
[SourceDate "2015.07.17"]
[SourceVersion "1"]
[SourceVersionDate "2015.07.17"]
[SourceQuality "1"]

1. d4 Nf6 2. c4 e6 3. Nc3 Bb4 4. e3 0-0 5. Bd3 d5 6. Nf3 b6 7. 0-0 c5 8. cxd5 exd5 9. Ne5 Bb7 10. Bd2 Nc6 11. a3 Nxe5 12. dxe5 Bxc3 13. Bxc3 Ne4 14. Bxe4 dxe4 15. Qg4 Qe7 16. Rfd1 Qe6 17. Qh4 Bd5 18. Rd2 Rfe8 19. Rad1 Bb3 20. Re1 Qf5 21. h3 h6 22. Qf4 Be6 23. Red1 g5 24. Qxf5 Bxf5 25. Rd6 Be6 26. f4 exf3 27. gxf3 Kh7 28. Kh2 Kg6 29. R1d2 Rac8 30. Kg3 Rb8 31. h4 gxh4+ 32. Kxh4 Rg8 33. Rg2+ Kf5 34. Rg3 1/2-1/2

[Event "OP-2014-0-03481"]
[Site "LSS email"]
[Date "2014.08.25"]
[Round "?"]
[White "Grimm, Wolfgang"]
[Black "Trusewicz, Aleksandra"]
[Result "0-1"]
[WhiteElo "1343"]
[BlackElo "1637"]
[PlyCount "48"]
[EventDate "2014.08.20"]
[EventType "tourn (corr)"]
[EventRounds "4"]
[EventCountry "GER"]
[SourceTitle "Corr 2015"]
[Source "ChessBase"]
[SourceDate "2015.07.17"]
[SourceVersion "1"]
[SourceVersionDate "2015.07.17"]
[SourceQuality "1"]

1. c4 f5 2. Nc3 Nf6 3. e3 g6 4. Nf3 Bg7 5. Be2 0-0 6. 0-0 e6 7. d4 b6 8. Ne5 Bb7 9. Bf3 Ne4 10. Qc2 d5 11. cxd5 exd5 12. Be2 c5 13. f3 Nf6 14. f4 Nc6 15. dxc5 bxc5 16. Qb3 Rb8 17. Qa4 Nxe5 18. fxe5 Ng4 19. Bxg4 fxg4 20. Rxf8+ Qxf8 21. Qxg4 Qf7 22. e6 Qf6 23. h3 Rf8 24. Ne2 Qf1+ 0-1

[Event "OP-2014-0-03481"]
[Site "LSS email"]
[Date "2014.08.25"]
[Round "?"]
[White "Lozano, Margarita"]
[Black "Trusewicz, Aleksandra"]
[Result "0-1"]
[WhiteElo "1045"]
[BlackElo "1637"]
[PlyCount "38"]
[EventDate "2014.08.20"]
[EventType "tourn (corr)"]
[EventRounds "4"]
[EventCountry "GER"]
[SourceTitle "Corr 2015"]
[Source "ChessBase"]
[SourceDate "2015.07.17"]
[SourceVersion "1"]
[SourceVersionDate "2015.07.17"]
[SourceQuality "1"]

1. e4 e5 2. Nf3 Nc6 3. Bb5 a6 4. Ba4 Nf6 5. 0-0 Be7 6. Re1 b5 7. Bb3 0-0 8. c3 d5 9. exd5 Nxd5 10. Nxe5 Nxe5 11. Rxe5 c6 12. d4 Bd6 13. Re1 Qh4 14. g3 Qh3 15. Bxd5 cxd5 16. Qf3 Bf5 17. Qxd5 Rae8 18. Bd2 Bf4 19. Bxf4 Rxe1# 0-1

[Event "OP-2014-0-03481"]
[Site "LSS email"]
[Date "2014.08.25"]
[Round "?"]
[White "Trusewicz, Aleksandra"]
[Black "Mostowik, Pawel"]
[Result "1-0"]
[WhiteElo "1637"]
[BlackElo "1688"]
[PlyCount "111"]
[EventDate "2014.08.20"]
[EventType "tourn (corr)"]
[EventRounds "4"]
[EventCountry "GER"]
[SourceTitle "Corr 2015"]
[Source "ChessBase"]
[SourceDate "2015.07.17"]
[SourceVersion "1"]
[SourceVersionDate "2015.07.17"]
[SourceQuality "1"]

1. c4 e5 2. Nc3 Nf6 3. g3 Nc6 4. Nf3 Bb4 5. Bg2 0-0 6. 0-0 d5 7. cxd5 Nxd5 8. Nxe5 Nde7 9. Nxc6 Nxc6 10. d3 Bg4 11. Be3 Nd4 12. h3 Be6 13. Bxb7 Rb8 14. Bg2 Qd7 15. Rc1 Rfd8 16. Kh2 Be7 17. b3 Ba3 18. Bxd4 Qxd4 19. Rc2 a5 20. Qd2 Bb4 21. Qc1 h6 22. Ne4 c6 23. Nc5 Bxc5 24. Rxc5 a4 25. bxa4 Qxa4 26. Bxc6 Qxa2 27. Qe3 Rb2 28. Bf3 Rd2 29. Kg2 Re8 30. Qd4 Rb8 31. Rfc1 Qb2 32. Qxb2 Rbxb2 33. h4 g6 34. h5 g5 35. g4 Kg7 36. Kg3 Kf6 37. Ra5 Rb4 38. Ra8 Kg7 39. Rd8 Kf6 40. Ra1 Ba2 41. d4 Kg7 42. d5 Kf6 43. e4 Rb3 44. Kg2 Rbb2 45. Rd7 Rb1 46. Rxb1 Bxb1 47. Rd6+ Kg7 48. e5 Rd4 49. Rd7 Kf8 50. Ra7 Bd3 51. Kg3 Be4 52. Bxe4 Rxe4 53. Ra8+ Ke7 54. d6+ Kd7 55. Rh8 Rxe5 56. Rxh6 1-0

[Event "OP-2014-0-03409"]
[Site "LSS email"]
[Date "2014.05.31"]
[Round "?"]
[White "Trusewicz, Aleksandra"]
[Black "Winbush, Jerome"]
[Result "1/2-1/2"]
[WhiteElo "1604"]
[BlackElo "1726"]
[PlyCount "44"]
[EventDate "2014.05.21"]
[EventType "tourn (corr)"]
[EventRounds "4"]
[EventCountry "GER"]
[SourceTitle "Corr 2015"]
[Source "ChessBase"]
[SourceDate "2015.07.17"]
[SourceVersion "1"]
[SourceVersionDate "2015.07.17"]
[SourceQuality "1"]

1. f4 d5 2. Nf3 Nf6 3. e3 c6 4. c4 Bg4 5. Qb3 Nbd7 6. d4 Qb6 7. Nc3 e6 8. Bd3 Bf5 9. Bxf5 exf5 10. Bd2 dxc4 11. Qxc4 Be7 12. 0-0 0-0 13. b3 Qd8 14. Ne5 g6 15. b4 a6 16. Qb3 Nb6 17. Rfc1 Nbd5 18. Nxd5 Qxd5 19. Qxd5 Nxd5 20. Rab1 Bf6 21. Nc4 Kg7 22. Kf2 Be7 1/2-1/2